书目信息 |
| 题名: |
金融审计学
|
|
| 作者: | 吴品芝 , 张子叶 主编 | |
| 分册: | ||
| 出版信息: | 成都 西南财经大学出版社 2001 |
|
| 页数: | 287页 | |
| 开本: | 20cm | |
| 丛书名: | ||
| 单 册: | ||
| 中图分类: | F239.65 | |
| 科图分类: | ||
| 主题词: | 审计学 | |
| 电子资源: | ||
| ISBN: | 7-81055-081-0 | |
| 000 | 00651nam0 2200229 45 | |
| 001 | 0412011447 | |
| 005 | 20041201140412.8 | |
| 010 | @a7-81055-081-0@dCNY14.80 | |
| 100 | @a20041201d2001 km y0chiy0120 ea | |
| 101 | 0 | @achi |
| 105 | @a z 000yy | |
| 200 | 1 | @a金融审计学@AJin Rong Shen Ji Xue@f吴品芝,张子叶主编@FWu Pin Zhi,Zhang Zi Ye Zhu Bian |
| 205 | @a修订本 | |
| 210 | @a成都@c西南财经大学出版社@d2001 | |
| 215 | @a287页@d20cm | |
| 300 | @a21世纪高等院校系列教材 | |
| 606 | 0 | @a审计学 |
| 690 | @aF239.65@v4 | |
| 701 | @a吴品芝@4主编 | |
| 701 | 0 | @a张子叶@4主编 |
| 801 | @aCN@bTSTCL@c20041201 | |
| 905 | @b336308-311@dF239.65@e133=2@f4 | |
| 金融审计学/吴品芝,张子叶主编.-修订本.-成都:西南财经大学出版社,2001 |
| 287页;20cm |
| 21世纪高等院校系列教材 |
| ISBN 7-81055-081-0:CNY14.80 |
| ● |
| 相关链接 |
|
|
|
|
正题名:金融审计学
索取号:F239.65/133=2
 
预约/预借
| 序号 | 登录号 | 条形码 | 馆藏地/架位号 | 状态 | 备注 |
| 1 | 0336308 | 203363083 | 第一借阅区/ [索取号:F239.65/133=2] | 在馆 | |
| 2 | 0336309 | 203363092 | 第一借阅区/ [索取号:F239.65/133=2] | 在馆 | |
| 3 | 0336310 | 203363109 | 第一借阅区/ [索取号:F239.65/133=2] | 在馆 | |
| 4 | 0336311 | 203363118 | 第一样本阅览室/ [索取号:F239.65/133=2] | 在馆 |